[Event "33rd Pula Open 2019"]
[Site "Pula"]
[Date "2019.06.27"]
[Round "7.4"]
[White "Maier, Christian"]
[Black "Berezjuk, Sergej"]
[Result "1/2-1/2"]
[WhiteElo "2299"]
[BlackElo "2411"]
[Annotator "NA"]
[PlyCount "67"]
[EventDate "2019.06.22"]
[EventType "swiss"]
[EventCountry "CRO"]
[SourceTitle "playchess.com"]
[Source "ChessBase"]
[SourceQuality "1"]
[TimeControl "5400+30"]

1. e4 {[%emt 0:01:30]} e5 {[%emt 0:00:30]} 2. Nf3 {[%emt 0:00:30]} Nf6 {[%emt 0:00:30]} 3. Nc3 {[%emt 0:00:00]} Bb4 {[%emt 0:00:30]} 4. Nxe5 {[%emt 0:00:00]} O-O {[%emt 0:00:00]} 5. Nd3 {[%emt 0:00:30]} Bxc3 {[%emt 0:00:00]} 6. dxc3 {[%emt 0:00:00]} Nxe4 {[%emt 0:00:00]} 7. Be2 {[%emt 0:01:00]} d5 {[%emt 0:05:00]} 8. O-O {[%emt 0:03:30]} Nd7 {[%emt 0:04:30]} 9. Bf4 {[%emt 0:02:30]} Nb6 {[%emt 0:02:30]} 10. Re1 {[%emt 0:01:30]} c6 {[%emt 0:08:30]} 11. f3 {[%emt 0:02:30]} Ng5 {[%emt 0:12:30]} 12. Bf1 {[%emt 0:02:30]} h6 {[%emt 0:03:30]} 13. Bg3 {[%emt 0:04:30]} Nc4 {[%emt 0:03:30]} 14. b3 {[%emt 0:01:30]} Nd6 {[%emt 0:02:30]} 15. Qd2 {[%emt 0:03:30]} Bf5 {[%emt 0:05:30]} 16. Rad1 {[%emt 0:06:30]} Bh7 {[%emt 0:07:30]} 17. Ne5 {[%emt 0:06:30]} Nf5 {[%emt 0:05:30]} 18. Bf2 {[%emt 0:01:30]} Qc7 {[%emt 0:00:30]} 19. c4 {[%emt 0:00:30]} Rad8 {[%emt 0:03:30]} 20. cxd5 {[%emt 0:00:30]} Rxd5 {[%emt 0:00:30]} 21. Qc3 {[%emt 0:00:30]} Rxd1 {[%emt 0:05:30]} 22. Rxd1 {[%emt 0:00:30]} f6 {[%emt 0:00:30]} 23. Nd3 {[%emt 0:04:30]} b6 {[%emt 0:02:30]} 24. Nb4 {[%emt 0:00:30]} c5 {[%emt 0:01:30]} 25. Nd5 {[%emt 0:00:30]} Qb7 {[%emt 0:01:30]} 26. Qc4 {[%emt 0:12:30]} Kh8 {[%emt 0:01:30]} 27. h4 {[%emt 0:09:30]} Nf7 {[%emt 0:03:54]} 28. Nf4 {[%emt 0:02:30]} Ne5 {[%emt 0:02:57]} 29. Qd5 {[%emt 0:01:30]} Qxd5 {[%emt 0:01:08]} 30. Rxd5 {[%emt 0:00:30]} Ne7 {[%emt 0:00:10]} 31. Rd2 {[%emt 0:00:30]} Bf5 {[%emt 0:00:07]} 32. h5 {[%emt 0:00:30]} N7c6 {[%emt 0:02:45]} 33. c3 {[%emt 0:00:30]} Rd8 {[%emt 0:02:17]} 34. Rxd8+ {[%emt 0:01:30]} 1/2-1/2

[Event "33rd Pula Open 2019"]
[Site "Pula"]
[Date "2019.06.27"]
[Round "7.5"]
[White "Beletic, Daniel"]
[Black "Pecnik, Leo"]
[Result "1/2-1/2"]
[WhiteElo "2380"]
[BlackElo "2334"]
[Annotator "NA"]
[PlyCount "86"]
[EventDate "2019.06.22"]
[EventType "swiss"]
[EventCountry "CRO"]
[SourceTitle "playchess.com"]
[Source "ChessBase"]
[SourceQuality "1"]
[TimeControl "5400+30"]

1. c4 {[%emt 0:06:30]} e6 {[%emt 0:01:30]} 2. Nf3 {[%emt 0:00:30]} d5 {[%emt 0:00:00]} 3. g3 {[%emt 0:02:30]} Nf6 {[%emt 0:01:00]} 4. Bg2 {[%emt 0:00:30]} Be7 {[%emt 0:00:30]} 5. O-O {[%emt 0:00:30]} O-O {[%emt 0:00:00]} 6. b3 {[%emt 0:00:00]} a5 {[%emt 0:08:00]} 7. Nc3 {[%emt 0:04:00]} c6 {[%emt 0:00:30]} 8. e3 {[%emt 0:00:30]} Nbd7 {[%emt 0:00:30]} 9. Bb2 {[%emt 0:11:30]} Nc5 {[%emt 0:14:30]} 10. Rb1 {[%emt 0:02:30]} Nd3 {[%emt 0:04:30]} 11. Ba1 {[%emt 0:01:30]} e5 {[%emt 0:00:30]} 12. cxd5 {[%emt 0:05:30]} cxd5 {[%emt 0:00:30]} 13. Ne1 {[%emt 0:01:30]} Nb4 {[%emt 0:13:30]} 14. d3 {[%emt 0:14:30]} Re8 {[%emt 0:08:30]} 15. a3 {[%emt 0:04:30]} Nc6 {[%emt 0:00:30]} 16. Nc2 {[%emt 0:00:30]} Bg4 {[%emt 0:04:30]} 17. Qd2 {[%emt 0:04:30]} Qd7 {[%emt 0:02:30]} 18. Rfe1 {[%emt 0:01:30]} Bh3 {[%emt 0:04:30]} 19. Bh1 {[%emt 0:01:30]} Bf8 {[%emt 0:00:30]} 20. b4 {[%emt 0:15:36]} axb4 {[%emt 0:00:30]} 21. Nxb4 {[%emt 0:00:49]} Be6 {[%emt 0:09:30]} 22. Nc2 {[%emt 0:13:11]} h5 {[%emt 0:04:30]} 23. Rb5 {[%emt 0:01:33]} Rab8 {[%emt 0:01:17]} 24. Reb1 {[%emt 0:00:34]} h4 {[%emt 0:02:19]} 25. Qc1 {[%emt 0:03:06]} Na7 {[%emt 0:07:23]} 26. R5b2 {[%emt 0:01:29]} Rec8 {[%emt 0:01:49]} 27. Qd2 {[%emt 0:00:35]} Qc7 {[%emt 0:00:40]} 28. Ne2 {[%emt 0:01:13]} Nc6 {[%emt 0:00:49]} 29. Rb5 {[%emt 0:00:31]} Bd7 {[%emt 0:01:26]} 30. R5b3 {[%emt 0:01:06]} Bf5 {[%emt 0:01:27]} 31. Ne1 {[%emt 0:00:18]} Rd8 {[%emt 0:02:05]} 32. Nf3 {[%emt 0:00:15]} hxg3 {[%emt 0:00:49]} 33. hxg3 {[%emt 0:00:20]} d4 {[%emt 0:01:00]} 34. exd4 {[%emt 0:00:27]} e4 {[%emt 0:00:04]} 35. dxe4 {[%emt 0:01:05]} Bxe4 {[%emt 0:00:16]} 36. Rc1 {[%emt 0:00:16]} Qd7 {[%emt 0:00:42]} 37. Qg5 {[%emt 0:00:46]} Nh7 {[%emt 0:03:46]} 38. Qh4 {[%emt 0:00:28]} Bd5 {[%emt 0:00:55]} 39. Re3 {[%emt 0:00:15]} Be7 {[%emt 0:00:04]} 40. Qh2 {[%emt 0:00:21]} Bg5 {[%emt 0:00:45]} 41. Nxg5 {[%emt 0:00:47]} Nxg5 {[%emt 0:00:02]} 42. Nf4 {[%emt 0:00:34]} Bxh1 {[%emt 0:00:52]} 43. Qxh1 {[%emt 0:00:03]} Nxd4 {[%emt 0:00:30]} 1/2-1/2

[Event "33rd Pula Open 2019"]
[Site "Pula"]
[Date "2019.06.27"]
[Round "7.6"]
[White "Fercec, Nenad"]
[Black "Tisaj, Domen"]
[Result "1/2-1/2"]
[WhiteElo "2446"]
[BlackElo "2232"]
[Annotator "NA"]
[PlyCount "88"]
[EventDate "2019.06.22"]
[EventType "swiss"]
[EventCountry "CRO"]
[SourceTitle "playchess.com"]
[Source "ChessBase"]
[SourceQuality "1"]
[TimeControl "5400+30"]

1. e4 {[%emt 0:00:30]} c5 {[%emt 0:00:30]} 2. Nf3 {[%emt 0:00:00]} Nc6 {[%emt 0:00:00]} 3. d4 {[%emt 0:00:00]} cxd4 {[%emt 0:00:00]} 4. Nxd4 {[%emt 0:00:30]} e5 {[%emt 0:00:00]} 5. Nb5 {[%emt 0:00:30]} d6 {[%emt 0:00:00]} 6. N1c3 {[%emt 0:00:30]} a6 {[%emt 0:00:30]} 7. Na3 {[%emt 0:00:00]} Be7 {[%emt 0:00:00]} 8. Nc4 {[%emt 0:00:00]} b5 {[%emt 0:00:00]} 9. Ne3 {[%emt 0:00:30]} Nf6 {[%emt 0:00:30]} 10. Bd3 {[%emt 0:00:30]} O-O {[%emt 0:00:00]} 11. O-O {[%emt 0:00:00]} Rb8 {[%emt 0:00:00]} 12. a4 {[%emt 0:00:00]} Nb4 {[%emt 0:04:30]} 13. axb5 {[%emt 0:01:30]} axb5 {[%emt 0:00:30]} 14. Be2 {[%emt 0:03:30]} Be6 {[%emt 0:11:30]} 15. Bf3 {[%emt 0:02:30]} Nc6 {[%emt 0:00:30]} 16. Ncd5 {[%emt 0:00:30]} Nd4 {[%emt 0:00:30]} 17. Nxf6+ {[%emt 0:01:30]} Bxf6 {[%emt 0:00:30]} 18. Bg4 {[%emt 0:00:00]} b4 {[%emt 0:03:30]} 19. Qd3 {[%emt 0:11:00]} Bg5 {[%emt 0:07:30]} 20. Bxe6 {[%emt 0:05:30]} fxe6 {[%emt 0:00:30]} 21. Bd2 {[%emt 0:00:30]} Qc7 {[%emt 0:04:30]} 22. Ra6 {[%emt 0:32:30]} Bxe3 {[%emt 0:18:30]} 23. Bxe3 {[%emt 0:00:00]} Qxc2 {[%emt 0:00:30]} 24. Qxc2 {[%emt 0:00:00]} Nxc2 {[%emt 0:00:30]} 25. Bg5 {[%emt 0:00:30]} d5 {[%emt 0:00:30]} 26. Rxe6 {[%emt 0:00:30]} dxe4 {[%emt 0:00:00]} 27. Rxe5 {[%emt 0:00:30]} h6 {[%emt 0:05:00]} 28. Bc1 {[%emt 0:04:30]} Rfe8 {[%emt 0:03:30]} 29. Rxe8+ {[%emt 0:00:00]} Rxe8 {[%emt 0:00:30]} 30. Rd1 {[%emt 0:00:00]} b3 {[%emt 0:03:30]} 31. Kf1 {[%emt 0:03:30]} Kf7 {[%emt 0:10:30]} 32. Ke2 {[%emt 0:02:30]} Ke6 {[%emt 0:01:30]} 33. Bf4 {[%emt 0:00:30]} Rc8 {[%emt 0:03:30]} 34. g4 {[%emt 0:07:30]} Nb4 {[%emt 0:03:30]} 35. Rd6+ {[%emt 0:00:30]} Ke7 {[%emt 0:00:34]} 36. Rd4 {[%emt 0:06:37]} Rc2+ {[%emt 0:00:26]} 37. Ke3 {[%emt 0:00:08]} Nc6 {[%emt 0:00:42]} 38. Rxe4+ {[%emt 0:00:07]} Kf7 {[%emt 0:02:27]} 39. Be5 {[%emt 0:05:57]} Nxe5 {[%emt 0:00:18]} 40. Rxe5 {[%emt 0:00:05]} Rxb2 {[%emt 0:00:05]} 41. Rb5 {[%emt 0:00:14]} Rb1 {[%emt 0:00:19]} 42. h4 {[%emt 0:00:58]} b2 {[%emt 0:00:44]} 43. Kf4 {[%emt 0:00:14]} Rh1 {[%emt 0:00:20]} 44. Rxb2 {[%emt 0:00:04]} Rxh4 {[%emt 0:00:07]} 1/2-1/2

[Event "33rd Pula Open 2019"]
[Site "Pula"]
[Date "2019.06.27"]
[Round "7.7"]
[White "Zufic, Miroslav"]
[Black "Suta, Andraz"]
[Result "1/2-1/2"]
[WhiteElo "2380"]
[BlackElo "2195"]
[Annotator "NA"]
[PlyCount "111"]
[EventDate "2019.06.22"]
[EventType "swiss"]
[EventCountry "CRO"]
[SourceTitle "playchess.com"]
[Source "ChessBase"]
[SourceQuality "1"]
[TimeControl "5400+30"]

1. e4 {[%emt 0:00:30]} e5 {[%emt 0:00:30]} 2. Nf3 {[%emt 0:00:00]} Nc6 {[%emt 0:00:00]} 3. Bb5 {[%emt 0:00:00]} Nf6 {[%emt 0:00:00]} 4. O-O {[%emt 0:02:30]} Nxe4 {[%emt 0:00:00]} 5. Re1 {[%emt 0:00:30]} Nd6 {[%emt 0:00:00]} 6. Nxe5 {[%emt 0:00:30]} Nxe5 {[%emt 0:00:30]} 7. Rxe5+ {[%emt 0:00:30]} Be7 {[%emt 0:00:30]} 8. Bf1 {[%emt 0:00:30]} O-O {[%emt 0:00:30]} 9. d4 {[%emt 0:00:30]} Bf6 {[%emt 0:03:30]} 10. Re1 {[%emt 0:01:30]} Nf5 {[%emt 0:03:30]} 11. d5 {[%emt 0:00:30]} b6 {[%emt 0:07:30]} 12. c4 {[%emt 0:08:30]} a5 {[%emt 0:01:30]} 13. Nc3 {[%emt 0:03:30]} Bxc3 {[%emt 0:11:30]} 14. bxc3 {[%emt 0:00:00]} d6 {[%emt 0:00:00]} 15. Bd3 {[%emt 0:07:00]} Re8 {[%emt 0:04:00]} 16. Bg5 {[%emt 0:04:30]} Rxe1+ {[%emt 0:00:30]} 17. Qxe1 {[%emt 0:00:30]} f6 {[%emt 0:00:00]} 18. Bd2 {[%emt 0:01:30]} Bd7 {[%emt 0:02:00]} 19. Qb1 {[%emt 0:05:30]} g6 {[%emt 0:03:30]} 20. Qd1 {[%emt 0:01:30]} Qf8 {[%emt 0:03:30]} 21. Qf3 {[%emt 0:03:30]} Re8 {[%emt 0:02:30]} 22. h3 {[%emt 0:03:30]} Nh4 {[%emt 0:09:30]} 23. Qg3 {[%emt 0:01:30]} Nf5 {[%emt 0:00:30]} 24. Qf4 {[%emt 0:01:30]} Re5 {[%emt 0:03:30]} 25. g4 {[%emt 0:09:30]} g5 {[%emt 0:00:30]} 26. Qf3 {[%emt 0:00:30]} Nh4 {[%emt 0:00:00]} 27. Qg3 {[%emt 0:00:30]} Qe7 {[%emt 0:03:00]} 28. Kf1 {[%emt 0:12:30]} Ng6 {[%emt 0:01:30]} 29. Be3 {[%emt 0:02:30]} Qg7 {[%emt 0:10:30]} 30. Re1 {[%emt 0:09:30]} f5 {[%emt 0:06:30]} 31. gxf5 {[%emt 0:12:30]} Bxf5 {[%emt 0:00:30]} 32. Bxf5 {[%emt 0:00:14]} Rxf5 {[%emt 0:00:30]} 33. Bxg5 {[%emt 0:05:47]} Ne5 {[%emt 0:00:00]} 34. Bf4 {[%emt 0:00:04]} Qxg3 {[%emt 0:00:00]} 35. fxg3 {[%emt 0:01:01]} Nxc4 {[%emt 0:00:30]} 36. Re8+ {[%emt 0:00:26]} Kf7 {[%emt 0:00:30]} 37. Rh8 {[%emt 0:02:09]} Ne3+ {[%emt 0:03:30]} 38. Ke2 {[%emt 0:00:04]} Kg7 {[%emt 0:00:00]} 39. Rc8 {[%emt 0:01:00]} Nxd5 {[%emt 0:00:00]} 40. Bd2 {[%emt 0:00:09]} Rf7 {[%emt 0:01:30]} 41. c4 {[%emt 0:00:56]} Nf6 {[%emt 0:02:30]} 42. Bc3 {[%emt 0:00:47]} Re7+ {[%emt 0:00:30]} 43. Kf3 {[%emt 0:00:21]} Kf7 {[%emt 0:00:30]} 44. Rh8 {[%emt 0:00:20]} Ke6 {[%emt 0:00:30]} 45. g4 {[%emt 0:00:52]} Nd7 {[%emt 0:01:23]} 46. g5 {[%emt 0:00:34]} Kf5 {[%emt 0:01:46]} 47. h4 {[%emt 0:00:07]} Rf7 {[%emt 0:05:24]} 48. Rg8 {[%emt 0:00:36]} Ne5+ {[%emt 0:08:29]} 49. Bxe5 {[%emt 0:00:02]} dxe5 {[%emt 0:00:06]} 50. Re8 {[%emt 0:00:04]} Kg6+ {[%emt 0:00:23]} 51. Kg3 {[%emt 0:00:44]} Kf5 {[%emt 0:02:28]} 52. Kf3 {[%emt 0:00:10]} h6 {[%emt 0:00:22]} 53. gxh6 {[%emt 0:00:59]} Kg6+ {[%emt 0:00:14]} 54. Kg3 {[%emt 0:00:43]} Kxh6 {[%emt 0:01:22]} 55. Rxe5 {[%emt 0:00:13]} Rf6 {[%emt 0:00:52]} 56. c5 {[%emt 0:00:59]} 1/2-1/2

[Event "33rd Pula Open 2019"]
[Site "Pula"]
[Date "2019.06.27"]
[Round "7.8"]
[White "Biti, Ozren"]
[Black "Medancic, Rikard"]
[Result "1-0"]
[WhiteElo "2374"]
[BlackElo "2167"]
[Annotator "NA"]
[PlyCount "83"]
[EventDate "2019.06.22"]
[EventType "swiss"]
[EventCountry "CRO"]
[SourceTitle "playchess.com"]
[Source "ChessBase"]
[SourceQuality "1"]
[TimeControl "5400+30"]

1. e4 {[%emt 0:00:30]} e5 {[%emt 0:00:30]} 2. Nf3 {[%emt 0:00:00]} Nc6 {[%emt 0:00:30]} 3. Bc4 {[%emt 0:00:00]} Nf6 {[%emt 0:00:30]} 4. d3 {[%emt 0:00:30]} Be7 {[%emt 0:00:00]} 5. O-O {[%emt 0:00:30]} O-O {[%emt 0:00:00]} 6. Re1 {[%emt 0:00:30]} d6 {[%emt 0:00:30]} 7. a4 {[%emt 0:00:30]} h6 {[%emt 0:00:30]} 8. c3 {[%emt 0:05:30]} Nh7 {[%emt 0:05:30]} 9. a5 {[%emt 0:00:30]} a6 {[%emt 0:00:30]} 10. Be3 {[%emt 0:01:30]} Bg5 {[%emt 0:06:30]} 11. Nbd2 {[%emt 0:16:30]} Bxe3 {[%emt 0:08:30]} 12. Rxe3 {[%emt 0:03:30]} Kh8 {[%emt 0:04:30]} 13. Qb3 {[%emt 0:06:30]} f5 {[%emt 0:01:30]} 14. exf5 {[%emt 0:01:30]} Rxf5 {[%emt 0:02:30]} 15. Be6 {[%emt 0:17:30]} Bxe6 {[%emt 0:03:30]} 16. Qxe6 {[%emt 0:00:30]} Rf6 {[%emt 0:01:30]} 17. Qb3 {[%emt 0:03:30]} Rb8 {[%emt 0:00:30]} 18. d4 {[%emt 0:03:30]} exd4 {[%emt 0:03:30]} 19. cxd4 {[%emt 0:00:30]} d5 {[%emt 0:11:30]} 20. Qc3 {[%emt 0:04:30]} Rf7 {[%emt 0:10:30]} 21. Rae1 {[%emt 0:03:30]} Nf6 {[%emt 0:02:30]} 22. h3 {[%emt 0:02:30]} Kg8 {[%emt 0:03:30]} 23. b4 {[%emt 0:07:38]} Qd6 {[%emt 0:12:30]} 24. Ne5 {[%emt 0:07:16]} Rff8 {[%emt 0:06:25]} 25. Nd3 {[%emt 0:01:33]} Rbe8 {[%emt 0:00:30]} 26. Nc5 {[%emt 0:01:28]} Rxe3 {[%emt 0:00:19]} 27. Rxe3 {[%emt 0:00:29]} Nd8 {[%emt 0:01:26]} 28. Nf3 {[%emt 0:01:22]} Re8 {[%emt 0:05:22]} 29. Ne5 {[%emt 0:00:49]} b6 {[%emt 0:01:28]} 30. axb6 {[%emt 0:03:37]} Qxb6 {[%emt 0:02:09]} 31. Ned7 {[%emt 0:02:57]} Rxe3 {[%emt 0:00:25]} 32. Qxe3 {[%emt 0:01:05]} Nxd7 {[%emt 0:00:21]} 33. Qe8+ {[%emt 0:00:48]} Nf8 {[%emt 0:00:25]} 34. Qxd8 {[%emt 0:00:14]} Qxb4 {[%emt 0:00:48]} 35. Qxd5+ {[%emt 0:00:24]} Kh8 {[%emt 0:00:53]} 36. Qf7 {[%emt 0:00:54]} Qb8 {[%emt 0:02:29]} 37. Nxa6 {[%emt 0:00:34]} Qc8 {[%emt 0:02:09]} 38. Nxc7 {[%emt 0:00:16]} Kh7 {[%emt 0:00:08]} 39. Ne8 {[%emt 0:01:42]} Ne6 {[%emt 0:00:42]} 40. g3 {[%emt 0:01:21]} Qc1+ {[%emt 0:01:54]} 41. Kh2 {[%emt 0:00:26]} Qc4 {[%emt 0:00:10]} 42. Nf6+ {[%emt 0:00:13]} 1-0

[Event "33rd Pula Open 2019"]
[Site "Pula"]
[Date "2019.06.27"]
[Round "7.9"]
[White "Urh, Zala"]
[Black "Filipovic, Branko"]
[Result "1-0"]
[WhiteElo "2127"]
[BlackElo "2371"]
[Annotator "NA"]
[PlyCount "77"]
[EventDate "2019.06.22"]
[EventType "swiss"]
[EventCountry "CRO"]
[SourceTitle "playchess.com"]
[Source "ChessBase"]
[SourceQuality "1"]
[TimeControl "5400+30"]

1. d4 {[%emt 0:02:30]} e6 {[%emt 0:00:30]} 2. e4 {[%emt 0:00:00]} d5 {[%emt 0:00:30]} 3. Nc3 {[%emt 0:00:00]} Nc6 {[%emt 0:01:30]} 4. e5 {[%emt 0:00:30]} f6 {[%emt 0:00:30]} 5. exf6 {[%emt 0:03:30]} Nxf6 {[%emt 0:02:30]} 6. f4 {[%emt 0:09:30]} Bb4 {[%emt 0:03:30]} 7. Nf3 {[%emt 0:02:30]} Ne4 {[%emt 0:01:30]} 8. Bd2 {[%emt 0:05:30]} Qf6 {[%emt 0:11:30]} 9. Bb5 {[%emt 0:07:30]} Nxd2 {[%emt 0:03:30]} 10. Qxd2 {[%emt 0:00:30]} O-O {[%emt 0:00:30]} 11. g3 {[%emt 0:01:30]} a6 {[%emt 0:02:30]} 12. Be2 {[%emt 0:00:30]} Ba5 {[%emt 0:04:30]} 13. O-O-O {[%emt 0:02:30]} b5 {[%emt 0:01:30]} 14. Qe3 {[%emt 0:01:30]} Bb6 {[%emt 0:02:30]} 15. Rhe1 {[%emt 0:01:30]} Bd7 {[%emt 0:02:30]} 16. Bf1 {[%emt 0:09:30]} Rae8 {[%emt 0:03:30]} 17. Bh3 {[%emt 0:01:30]} h6 {[%emt 0:05:30]} 18. Qg1 {[%emt 0:02:30]} Bc8 {[%emt 0:02:30]} 19. Kb1 {[%emt 0:01:30]} Qd8 {[%emt 0:10:30]} 20. Ne5 {[%emt 0:07:30]} Na5 {[%emt 0:04:30]} 21. Ne2 {[%emt 0:01:30]} Nc4 {[%emt 0:01:30]} 22. Nc1 {[%emt 0:00:30]} a5 {[%emt 0:07:30]} 23. Ncd3 {[%emt 0:01:30]} Qd6 {[%emt 0:01:30]} 24. g4 {[%emt 0:02:30]} g5 {[%emt 0:03:30]} 25. fxg5 {[%emt 0:03:30]} hxg5 {[%emt 0:00:00]} 26. Bg2 {[%emt 0:00:30]} a4 {[%emt 0:01:00]} 27. h4 {[%emt 0:06:30]} gxh4 {[%emt 0:00:30]} 28. g5 {[%emt 0:00:00]} Kg7 {[%emt 0:02:30]} 29. Bh3 {[%emt 0:02:00]} Ba5 {[%emt 0:01:10]} 30. Re2 {[%emt 0:01:30]} a3 {[%emt 0:00:51]} 31. b3 {[%emt 0:00:30]} Bc3 {[%emt 0:02:17]} 32. Qg4 {[%emt 0:01:30]} Nb2 {[%emt 0:00:22]} 33. Nxb2 {[%emt 0:00:30]} axb2 {[%emt 0:00:02]} 34. Qh5 {[%emt 0:00:30]} Qe7 {[%emt 0:00:13]} 35. Ng6 {[%emt 0:02:49]} Rh8 {[%emt 0:01:16]} 36. Qxh8+ {[%emt 0:00:13]} Rxh8 {[%emt 0:00:10]} 37. Nxe7 {[%emt 0:00:28]} Bd7 {[%emt 0:01:02]} 38. Nxd5 {[%emt 0:00:30]} exd5 {[%emt 0:00:19]} 39. Re7+ {[%emt 0:00:30]} 1-0

[Event "33rd Pula Open 2019"]
[Site "Pula"]
[Date "2019.06.27"]
[Round "7.10"]
[White "Bochnicka, Vladimir"]
[Black "Jelen, Igor"]
[Result "0-1"]
[WhiteElo "2169"]
[BlackElo "2353"]
[Annotator "NA"]
[PlyCount "78"]
[EventDate "2019.06.22"]
[EventType "swiss"]
[EventCountry "CRO"]
[SourceTitle "playchess.com"]
[Source "ChessBase"]
[SourceQuality "1"]
[TimeControl "5400+30"]

1. e4 {[%emt 0:00:30]} c5 {[%emt 0:00:30]} 2. Nf3 {[%emt 0:00:00]} Nc6 {[%emt 0:00:00]} 3. Nc3 {[%emt 0:00:00]} e5 {[%emt 0:00:00]} 4. Bc4 {[%emt 0:00:00]} Be7 {[%emt 0:00:30]} 5. d3 {[%emt 0:00:00]} Nf6 {[%emt 0:00:30]} 6. O-O {[%emt 0:00:30]} O-O {[%emt 0:00:30]} 7. Ng5 {[%emt 0:00:30]} h6 {[%emt 0:01:30]} 8. f4 {[%emt 0:00:30]} exf4 {[%emt 0:04:30]} 9. Nf3 {[%emt 0:00:30]} d6 {[%emt 0:00:30]} 10. Bxf4 {[%emt 0:00:30]} Be6 {[%emt 0:00:00]} 11. Nd5 {[%emt 0:00:30]} Nb4 {[%emt 0:02:00]} 12. Nxe7+ {[%emt 0:16:30]} Qxe7 {[%emt 0:00:30]} 13. Bxe6 {[%emt 0:00:30]} fxe6 {[%emt 0:00:30]} 14. Bxd6 {[%emt 0:01:30]} Qxd6 {[%emt 0:00:30]} 15. e5 {[%emt 0:00:30]} Qd5 {[%emt 0:02:30]} 16. exf6 {[%emt 0:00:00]} Rxf6 {[%emt 0:00:00]} 17. Re1 {[%emt 0:06:00]} Nc6 {[%emt 0:17:00]} 18. Re4 {[%emt 0:06:30]} Raf8 {[%emt 0:26:30]} 19. Qe2 {[%emt 0:07:30]} Ne7 {[%emt 0:09:30]} 20. Re5 {[%emt 0:05:30]} Qd6 {[%emt 0:02:30]} 21. Qe3 {[%emt 0:09:30]} Nd5 {[%emt 0:03:30]} 22. Qe4 {[%emt 0:01:30]} Nf4 {[%emt 0:01:30]} 23. Rf1 {[%emt 0:05:30]} Ng6 {[%emt 0:11:24]} 24. Rh5 {[%emt 0:00:30]} Qb6 {[%emt 0:00:48]} 25. Kh1 {[%emt 0:06:30]} Qxb2 {[%emt 0:01:35]} 26. Rxc5 {[%emt 0:00:30]} b6 {[%emt 0:00:52]} 27. Rc6 {[%emt 0:05:30]} Qxa2 {[%emt 0:00:24]} 28. Re1 {[%emt 0:00:30]} Nf4 {[%emt 0:00:23]} 29. Nd4 {[%emt 0:06:30]} Qa5 {[%emt 0:06:34]} 30. h3 {[%emt 0:03:08]} Re8 {[%emt 0:00:33]} 31. Rf1 {[%emt 0:08:43]} Nh5 {[%emt 0:00:53]} 32. Rf3 {[%emt 0:00:46]} Rxf3 {[%emt 0:00:42]} 33. Qxf3 {[%emt 0:00:18]} Qe1+ {[%emt 0:01:12]} 34. Kh2 {[%emt 0:00:04]} Qe5+ {[%emt 0:00:11]} 35. g3 {[%emt 0:00:31]} Qxd4 {[%emt 0:00:38]} 36. Qxh5 {[%emt 0:00:13]} Qf2+ {[%emt 0:00:07]} 37. Kh1 {[%emt 0:00:05]} Qf1+ {[%emt 0:00:14]} 38. Kh2 {[%emt 0:00:03]} Rf8 {[%emt 0:00:12]} 39. g4 {[%emt 0:00:34]} Qe2+ {[%emt 0:00:08]} 0-1

[Event "33rd Pula Open 2019"]
[Site "Pula"]
[Date "2019.06.27"]
[Round "7.11"]
[White "Kyc, Jerzy"]
[Black "Blagojevic, Marijan"]
[Result "1-0"]
[WhiteElo "2279"]
[BlackElo "2192"]
[Annotator "NA"]
[PlyCount "77"]
[EventDate "2019.06.22"]
[EventType "swiss"]
[EventCountry "CRO"]
[SourceTitle "playchess.com"]
[Source "ChessBase"]
[SourceQuality "1"]
[TimeControl "5400+30"]

1. e4 {[%emt 0:00:30]} c5 {[%emt 0:00:30]} 2. Nf3 {[%emt 0:00:00]} Nc6 {[%emt 0:01:30]} 3. d4 {[%emt 0:00:00]} cxd4 {[%emt 0:00:00]} 4. Nxd4 {[%emt 0:00:00]} e6 {[%emt 0:00:00]} 5. Nb5 {[%emt 0:00:00]} d6 {[%emt 0:00:30]} 6. c4 {[%emt 0:00:30]} a6 {[%emt 0:02:30]} 7. N5a3 {[%emt 0:00:00]} Nf6 {[%emt 0:01:30]} 8. Nc3 {[%emt 0:00:00]} Be7 {[%emt 0:06:30]} 9. Be2 {[%emt 0:00:00]} O-O {[%emt 0:00:30]} 10. O-O {[%emt 0:00:00]} Qc7 {[%emt 0:00:30]} 11. Be3 {[%emt 0:00:00]} Nd7 {[%emt 0:03:30]} 12. Rc1 {[%emt 0:00:00]} Nc5 {[%emt 0:01:30]} 13. f4 {[%emt 0:00:30]} b6 {[%emt 0:03:30]} 14. Bf3 {[%emt 0:08:30]} Bb7 {[%emt 0:01:30]} 15. Qd2 {[%emt 0:00:30]} Rac8 {[%emt 0:10:30]} 16. g4 {[%emt 0:03:30]} Qb8 {[%emt 0:03:30]} 17. Nc2 {[%emt 0:04:30]} Na5 {[%emt 0:02:30]} 18. Qe2 {[%emt 0:00:30]} Nd7 {[%emt 0:03:30]} 19. Na3 {[%emt 0:00:30]} Rfe8 {[%emt 0:04:30]} 20. g5 {[%emt 0:06:30]} d5 {[%emt 0:12:30]} 21. cxd5 {[%emt 0:00:30]} exd5 {[%emt 0:06:30]} 22. Bg4 {[%emt 0:00:30]} Rcd8 {[%emt 0:01:30]} 23. e5 {[%emt 0:03:30]} b5 {[%emt 0:03:30]} 24. Nc2 {[%emt 0:04:30]} Nc4 {[%emt 0:00:30]} 25. Bd4 {[%emt 0:03:30]} Bc5 {[%emt 0:02:30]} 26. Bxd7 {[%emt 0:02:30]} Bxd4+ {[%emt 0:00:30]} 27. Nxd4 {[%emt 0:00:00]} Rxd7 {[%emt 0:00:30]} 28. Qf2 {[%emt 0:00:00]} b4 {[%emt 0:01:30]} 29. Na4 {[%emt 0:00:30]} Rc7 {[%emt 0:00:30]} 30. b3 {[%emt 0:02:30]} Na5 {[%emt 0:02:30]} 31. Nf5 {[%emt 0:07:30]} Bc6 {[%emt 0:03:30]} 32. Nc5 {[%emt 0:02:30]} Bb5 {[%emt 0:00:30]} 33. Rfd1 {[%emt 0:00:30]} Rd8 {[%emt 0:01:30]} 34. Nd6 {[%emt 0:01:30]} Qa8 {[%emt 0:00:30]} 35. Qd4 {[%emt 0:00:30]} Be2 {[%emt 0:04:24]} 36. Re1 {[%emt 0:01:30]} Bf3 {[%emt 0:01:13]} 37. Qxb4 {[%emt 0:00:00]} Nc6 {[%emt 0:06:30]} 38. Qb6 {[%emt 0:00:00]} Ra7 {[%emt 0:00:24]} 39. Ncb7 {[%emt 0:00:30]} 1-0